Indian money market : an introduction (Record no. 189832)

MARC details
000 -LEADER
fixed length control field 00439nam a2200169Ia 4500
008 - FIXED-LENGTH DATA ELEMENTS--GENERAL INFORMATION
fixed length control field 231217s9999 xx 000 0 und d
020 ## - INTERNATIONAL STANDARD BOOK NUMBER
International Standard Book Number 8178811499
041 ## - LANGUAGE CODE
Language code of text/sound track or separate title English
082 ## - DEWEY DECIMAL CLASSIFICATION NUMBER
Classification number 332.4 SEE;1 R
100 ## - MAIN ENTRY--PERSONAL NAME
Personal name Seethapathi, K ed.
245 #0 - TITLE STATEMENT
Title Indian money market : an introduction
260 ## - PUBLICATION, DISTRIBUTION, ETC.
Date of publication, distribution, etc. 2002
Name of publisher, distributor, etc. Icfai
Place of publication, distribution, etc. Hyderabad
300 ## - PHYSICAL DESCRIPTION
Extent vi, 197+A10
400 ## - SERIES STATEMENT/ADDED ENTRY--PERSONAL NAME [OBSOLETE, CAN/MARC], [LOCAL, USA]
Personal name Investment banking series
650 ## - SUBJECT ADDED ENTRY--TOPICAL TERM
Topical term or geographic name entry element money,market
942 ## - ADDED ENTRY ELEMENTS (KOHA)
Koha item type Books
Holdings
Date last seen Total checkouts Full call number Accession number Cost, total (INR) price Price effective from Category Public note Lost status Damaged status Department Withdrawn status Home library Current library Shelving location Entry date Vendor Cost, normal purchase price Grants Billnumber Billdate Currency symbol Conversion rate Discount Old discount
26/01/2024   332.4 SEE;1 R 66725 38.00 26/01/2024 Books 66725     Central Library   Central Library Central Library Central Library 02/11/2010 ICFAI Press 38.00 MBA 1993 28/10/2014 RS 1    
26/01/2024   332.4 SEE;2 R1 66726 38.00 26/01/2024 Books 66726     Central Library   Central Library Central Library Central Library 02/11/2010 ICFAI Press 38.00 MBA 1993 28/10/2014 RS 1    
26/01/2024   332.4 SEE;3 66785 38.00 26/01/2024 Books 66785     Central Library   Central Library Central Library Central Library 02/11/2010 ICFAI Press 38.00 MBA 1993 28/10/2014 RS 1    
26/01/2024   332.4 SEE;4 66786 38.00 26/01/2024 Books 66786     Central Library   Central Library Central Library Central Library 02/11/2010 ICFAI Press 38.00 MBA 1993 28/10/2014 RS 1    

© For any Suggestions or Query, please contact the library staff @ librarian@pes.edu or Phone: +9180 2672 1983/ 2108.